| 000 | 00594nam a2200205Ia 4500 | ||
|---|---|---|---|
| 001 | 21033 | ||
| 003 | GE_BSU | ||
| 008 | 181216s||||||||xx |||||||||||||| ||und|| | ||
| 040 | _cGE_BSU | ||
| 245 | _aИммунология.Том 38. №2. Март-Апрель. 2017 | ||
| 245 | _cРед.Е.П. Мороз | ||
| 260 | _aМосква | ||
| 260 | _bМедицина | ||
| 260 | _c2017 | ||
| 300 | _a136 стр. 29см. | ||
| 653 | _aИммунология.Том 38. №2. Март-Апрель. 2017 | ||
| 653 | _aПериодика | ||
| 653 | _aპერიოდიკა | ||
| 942 | _cCR | ||
| 999 |
_c53982 _d53982 |
||